Taxation of investment derivatives
Enregistré dans:
| Auteur principal: | |
|---|---|
| Format: | Livre |
| Langue: | Undetermined |
| Publié: |
Amsterdam, Netherlands
IBFD
c2007
|
| Sujets: | |
| Tags: |
Ajouter un tag
Pas de tags, Soyez le premier à ajouter un tag!
|
| Thư viện lưu trữ: | Trung tâm Học liệu Trường Đại học Cần Thơ |
|---|
| LEADER | 00627nam a2200193Ia 4500 | ||
|---|---|---|---|
| 001 | CTU_152940 | ||
| 008 | 210402s9999 xx 000 0 und d | ||
| 020 | |c 132 | ||
| 082 | |a 336.2 | ||
| 082 | |b L366 | ||
| 100 | |a Laukkanen, Antti | ||
| 245 | 0 | |a Taxation of investment derivatives | |
| 245 | 0 | |c Antti Laukkanen | |
| 260 | |a Amsterdam, Netherlands | ||
| 260 | |b IBFD | ||
| 260 | |c c2007 | ||
| 650 | |a Derivative securities,Financial instruments,Convertible bonds | ||
| 650 | |x Taxation,Law and legislation,Taxation,Law and legislation,Taxation,Law and legislation | ||
| 980 | |a Trung tâm Học liệu Trường Đại học Cần Thơ | ||